Elenco comuni italiani -Lettera S - Statistics

Statistiche generali
  • Questo quiz è stato fatto 29 volte
  • Il punteggio medio è 107 su 1086
Statistiche sulle risposte
Comune Provincia Regione Abitanti % Corretto
Sale Alessandria Piemonte 3913
88%
Salle Pescara Abruzzo 268
88%
Siracusa (capoluogo di provincia) Sicilia 117053
88%
Salerno (capoluogo di provincia) Campania 129206
81%
Savona (capoluogo di provincia) Liguria 58949
81%
Sondrio (capoluogo di provincia) Lombardia 21202
81%
Sassari (capoluogo di provincia) Sardegna 122506
75%
Scandicci Firenze Toscana 50460
75%
Sesto Bolzano Trentino-Alto Adige 1900
75%
Siena (capoluogo di provincia) Toscana 54123
75%
San Vito Cagliari Sardegna 3434
69%
Serre Salerno Campania 3749
69%
Sesto San Giovanni Milano Lombardia 80203
69%
San Donato Milanese Milano Lombardia 32545
63%
Sover Trento Trentino-Alto Adige 785
63%
Sala Consilina Salerno Campania 11900
56%
Salsomaggiore Terme Parma Emilia-Romagna 19819
56%
Sanremo Imperia Liguria 53451
56%
Santa Maria Capua Vetere Caserta Campania 31968
56%
Sant'Arcangelo Potenza Basilicata 6062
56%
Sassuolo Modena Emilia-Romagna 40722
56%
Scandiano Reggio Emilia Emilia-Romagna 25672
56%
Schio Vicenza Veneto 38635
56%
Sciacca Agrigento Sicilia 39250
56%
Seregno Monza e della Brianza Lombardia 44843
56%
Sestri Levante Genova Liguria 17788
56%
Sora Frosinone Lazio 25133
56%
Sorrento Napoli Campania 15809
56%
Spello Perugia Umbria 8371
56%
Sperlonga Latina Lazio 3116
56%
Spoleto Perugia Umbria 36914
56%
Sabaudia Latina Lazio 19938
50%
Sacile Pordenone Friuli-Venezia Giulia 20058
50%
Salò Brescia Lombardia 10494
50%
San Benedetto del Tronto Ascoli Piceno Marche 46976
50%
San Candido Bolzano Trentino-Alto Adige 3438
50%
Sansepolcro Arezzo Toscana 15444
50%
Santa Margherita Ligure Genova Liguria 8724
50%
Santa Marinella Roma Lazio 18516
50%
Scalea Cosenza Calabria 11017
50%
Selva di Val Gardena Bolzano Trentino-Alto Adige 2736
50%
Seniga Brescia Lombardia 1442
50%
Sesto Fiorentino Firenze Toscana 49315
50%
Settimo Torinese Torino Piemonte 46348
50%
Sirmione Brescia Lombardia 8349
50%
Solaro Milano Lombardia 13991
50%
Somma Vesuviana Napoli Campania 33881
50%
Sori Genova Liguria 4010
50%
Soverato Catanzaro Calabria 8712
50%
Sulmona L'Aquila Abruzzo 22643
50%
Sabbioneta Mantova Lombardia 4145
44%
Saint-Vincent Aosta Valle d'Aosta 4465
44%
Saluzzo Cuneo Piemonte 17471
44%
San Gimignano Siena Toscana 7574
44%
San Giovanni Rotondo Foggia Puglia 26344
44%
San Lazzaro di Savena Bologna Emilia-Romagna 32665
44%
Sappada Udine Friuli-Venezia Giulia 1305
44%
Sarno Salerno Campania 30590
44%
Sasso Marconi Bologna Emilia-Romagna 14761
44%
Scilla Reggio Calabria Calabria 4629
44%
Senigallia Ancona Marche 44323
44%
Silvi Teramo Abruzzo 15251
44%
Soave Verona Veneto 7143
44%
Spinea Venezia Veneto 27877
44%
Spotorno Savona Liguria 3565
44%
Subiaco Roma Lazio 8515
44%
Sammichele di Bari Bari Puglia 6118
38%
San Daniele del Friuli Udine Friuli-Venezia Giulia 7923
38%
San Donà di Piave Venezia Veneto 41807
38%
San Giuseppe Vesuviano Napoli Campania 30147
38%
San Luca Reggio Calabria Calabria 3499
38%
San Pietro Vernotico Brindisi Puglia 13114
38%
San Severo Foggia Puglia 50284
38%
San Siro Como Lombardia 1718
38%
Santa Maria di Sala Venezia Veneto 17541
38%
Santarcangelo di Romagna Rimini Emilia-Romagna 22288
38%
San Vito Lo Capo Trapani Sicilia 4772
38%
Sanzeno Trento Trentino-Alto Adige 916
38%
Saonara Padova Veneto 10426
38%
Sapri Salerno Campania 6418
38%
Segrate Milano Lombardia 36482
38%
Sessa Aurunca Caserta Campania 20414
38%
Sestriere Torino Piemonte 922
38%
Sezze Latina Lazio 23576
38%
Siderno Reggio Calabria Calabria 17493
38%
Solarolo Ravenna Emilia-Romagna 4473
38%
Stra Venezia Veneto 7543
38%
Susa Torino Piemonte 5992
38%
Sutri Viterbo Lazio 6539
38%
Suzzara Mantova Lombardia 20906
38%
Salemi Trapani Sicilia 10114
31%
San Giorgio a Cremano Napoli Campania 43230
31%
San Giovanni in Fiore Cosenza Calabria 16222
31%
San Paolo Brescia Lombardia 4442
31%
San Severino Marche Macerata Marche 12009
31%
Santa Giustina Belluno Veneto 6649
31%
Santa Teresa Gallura Gallura Nord-Est Sardegna Sardegna 4951
31%
Santhià Vercelli Piemonte 8122
31%
San Vendemiano Treviso Veneto 9897
31%
San Vito dei Normanni Brindisi Puglia 18439
31%
Sarre Aosta Valle d'Aosta 4793
31%
Scafa Pescara Abruzzo 3542
31%
Scafati Salerno Campania 48612
31%
Scanno L'Aquila Abruzzo 1717
31%
Segni Roma Lazio 8985
31%
Sellia Catanzaro Calabria 505
31%
Sellia Marina Catanzaro Calabria 7543
31%
Seriate Bergamo Lombardia 25111
31%
Serravalle Scrivia Alessandria Piemonte 5872
31%
Serri Cagliari Sardegna 629
31%
Settimo Milanese Milano Lombardia 20133
31%
Seveso Monza e della Brianza Lombardia 23728
31%
Somma Lombardo Varese Lombardia 17785
31%
Sonnino Latina Lazio 7433
31%
Spiazzo Trento Trentino-Alto Adige 1244
31%
Statte Taranto Puglia 13191
31%
Supino Frosinone Lazio 4678
31%
Sacco Salerno Campania 451
25%
Salve Lecce Puglia 4483
25%
San Cesareo Roma Lazio 15714
25%
Sanfrè Cuneo Piemonte 2999
25%
San Gennaro Vesuviano Napoli Campania 12183
25%
San Giovanni in Persiceto Bologna Emilia-Romagna 28048
25%
San Giuliano Milanese Milano Lombardia 39308
25%
San Gregorio Magno Salerno Campania 4004
25%
San Lorenzo Reggio Calabria Calabria 2331
25%
San Michele all'Adige Trento Trentino-Alto Adige 3956
25%
Sannicola Lecce Puglia 5687
25%
Santo Stefano di Cadore Belluno Veneto 2418
25%
San Vito al Tagliamento Pordenone Friuli-Venezia Giulia 15077
25%
Saronno Varese Lombardia 38755
25%
Sarzana Spezia Liguria 21697
25%
Saviano Napoli Campania 15949
25%
Savigliano Cuneo Piemonte 21431
25%
Scala Salerno Campania 1488
25%
Scanzano Jonico Matera Basilicata 7635
25%
Scicli Ragusa Sicilia 26822
25%
Sermide e Felonica Mantova Lombardia 7195
25%
Sermoneta Latina Lazio 9977
25%
Sgurgola Frosinone Lazio 2411
25%
Sommacampagna Verona Veneto 14788
25%
Soresina Cremona Lombardia 8711
25%
Squillace Catanzaro Calabria 3540
25%
Stresa Verbano-Cusio-Ossola Piemonte 4694
25%
Sacrofano Roma Lazio 7231
19%
San Biagio Platani Agrigento Sicilia 2946
19%
San Carlo Canavese Torino Piemonte 3980
19%
San Cataldo Caltanissetta Sicilia 21255
19%
Sandrigo Vicenza Veneto 8194
19%
San Felice Circeo Latina Lazio 10129
19%
San Fior Treviso Veneto 6875
19%
San Gemini Terni Umbria 4836
19%
San Gervasio Bresciano Brescia Lombardia 2642
19%
Sangineto Cosenza Calabria 1236
19%
San Giuliano Terme Pisa Toscana 30915
19%
San Giustino Perugia Umbria 10975
19%
San Martino Buon Albergo Verona Veneto 15970
19%
San Pellegrino Terme Bergamo Lombardia 4719
19%
San Polo dei Cavalieri Roma Lazio 2762
19%
San Salvo Chieti Abruzzo 19445
19%
Sant'Alfio Catania Sicilia 1522
19%
Sant'Antioco Sulcis Iglesiente Sardegna 10767
19%
San Teodoro Gallura Nord-Est Sardegna Sardegna 1260
19%
San Teodoro Messina Sicilia 1260
19%
Sant'Urbano Padova Veneto 1942
19%
San Vincenzo Livorno Toscana 6573
19%
San Vito di Cadore Belluno Veneto 1955
19%
San Zeno di Montagna Verona Veneto 1431
19%
Sassello Savona Liguria 1756
19%
Savignano sul Rubicone Forlì-Cesena Emilia-Romagna 17858
19%
Scopello Vercelli Piemonte 366
19%
Scorzè Venezia Veneto 19045
19%
Sedico Belluno Veneto 10177
19%
Selva di Cadore Belluno Veneto 489
19%
Senago Milano Lombardia 21307
19%
Senales Bolzano Trentino-Alto Adige 1272
19%
Sesto Calende Varese Lombardia 11055
19%
Sestola Modena Emilia-Romagna 2435
19%
Sestu Cagliari Sardegna 20772
19%
Signa Firenze Toscana 19211
19%
Sirolo Ancona Marche 4069
19%
Sonico Brescia Lombardia 1226
19%
Soriano nel Cimino Viterbo Lazio 7992
19%
Specchia Lecce Puglia 4560
19%
Spezzano Albanese Cosenza Calabria 6678
19%
Spinazzola Barletta-Andria-Trani Puglia 6115
19%
Stella Savona Liguria 2929
19%
Stelvio Bolzano Trentino-Alto Adige 1201
19%
Storo Trento Trentino-Alto Adige 4534
19%
Sabbio Chiese Brescia Lombardia 3946
13%
Saint-Pierre Aosta Valle d'Aosta 3220
13%
Sala Bolognese Bologna Emilia-Romagna 8478
13%
Salbertrand Torino Piemonte 609
13%
Sale Marasino Brescia Lombardia 3299
13%
Salento Salerno Campania 1834
13%
Saliceto Cuneo Piemonte 1205
13%
Salizzole Verona Veneto 3779
13%
Sambuca di Sicilia Agrigento Sicilia 5485
13%
Samo Reggio Calabria Calabria 742
13%
San Basilio Cagliari Sardegna 1156
13%
San Bassano Cremona Lombardia 2096
13%
San Bellino Rovigo Veneto 1064
13%
San Benedetto Po Mantova Lombardia 6774
13%
San Biagio di Callalta Treviso Veneto 12795
13%
San Bonifacio Verona Veneto 21402
13%
San Canzian d'Isonzo Gorizia Friuli-Venezia Giulia 6110
13%
San Colombano Certenoli Genova Liguria 2593
13%
San Cono Catania Sicilia 2431
13%
San Cristoforo Alessandria Piemonte 547
13%
San Donato di Lecce Lecce Puglia 5498
13%
San Felice del Benaco Brescia Lombardia 3471
13%
San Fili Cosenza Calabria 2503
13%
San Fratello Messina Sicilia 3350
13%
San Giorgio Canavese Torino Piemonte 2520
13%
San Giorgio in Bosco Padova Veneto 6413
13%
San Giorgio Ionico Taranto Puglia 14414
13%
San Giorgio su Legnano Milano Lombardia 6681
13%
San Giovanni Bianco Bergamo Lombardia 4632
13%
San Giovanni la Punta Catania Sicilia 23336
13%
San Giuseppe Jato Palermo Sicilia 8208
13%
San Gregorio di Catania Catania Sicilia 11464
13%
Sanguinetto Verona Veneto 4086
13%
San Leo Rimini Emilia-Romagna 2860
13%
San Leonardo Udine Friuli-Venezia Giulia 1047
13%
San Lupo Benevento Campania 730
13%
Sanluri Medio Campidano Sardegna 8175
13%
San Marcello Ancona Marche 1983
13%
San Martino Canavese Torino Piemonte 811
13%
San Martino di Lupari Padova Veneto 13110
13%
San Maurizio Canavese Torino Piemonte 10144
13%
San Mauro di Saline Verona Veneto 575
13%
San Mauro Torinese Torino Piemonte 18589
13%
San Michele al Tagliamento Venezia Veneto 11714
13%
San Miniato Pisa Toscana 27785
13%
Sannicandro di Bari Bari Puglia 9651
13%
San Nicandro Garganico Foggia Puglia 14132
13%
San Paolo d'Argon Bergamo Lombardia 5951
13%
San Pietro di Morubio Verona Veneto 3030
13%
San Pietro in Cariano Verona Veneto 12916
13%
San Pietro in Gu Padova Veneto 4368
13%
San Pietro Mussolino Vicenza Veneto 1593
13%
San Quirico d'Orcia Siena Toscana 2636
13%
San Stino di Livenza Venezia Veneto 12799
13%
Santa Cesarea Terme Lecce Puglia 2877
13%
Santa Croce Camerina Ragusa Sicilia 10838
13%
Santa Domenica Vittoria Messina Sicilia 871
13%
Sant'Agata Bolognese Bologna Emilia-Romagna 7339
13%
Sant'Agata di Militello Messina Sicilia 11989
13%
Sant'Agata li Battiati Catania Sicilia 9318
13%
Sant'Agata sul Santerno Ravenna Emilia-Romagna 2898
13%
Santa Giustina in Colle Padova Veneto 7168
13%
Santa Maria a Vico Caserta Campania 14074
13%
Santa Marina Salerno Campania 3141
13%
Santa Marina Salina Messina Sicilia 850
13%
Sant'Angelo dei Lombardi Avellino Campania 3946
13%
Sant'Angelo Muxaro Agrigento Sicilia 1184
13%
Santa Ninfa Trapani Sicilia 4842
13%
Sant'Anna d'Alfaedo Verona Veneto 2530
13%
Sant'Antimo Napoli Campania 32446
13%
Sant'Apollinare Frosinone Lazio 1834
13%
Santa Severina Crotone Calabria 1935
13%
Santa Teresa di Riva Messina Sicilia 9271
13%
Santa Venerina Catania Sicilia 8303
13%
Sant'Elena Padova Veneto 2521
13%
Santena Torino Piemonte 10556
13%
Santeramo in Colle Bari Puglia 25827
13%
Santomenna Salerno Campania 405
13%
Santorso Vicenza Veneto 5559
13%
Santo Stefano al Mare Imperia Liguria 2058
13%
Santo Stefano di Camastra Messina Sicilia 4416
13%
San Vito di Leguzzano Vicenza Veneto 3599
13%
San Vittore Olona Milano Lombardia 8274
13%
Sanza Salerno Campania 2368
13%
San Zeno Naviglio Brescia Lombardia 4735
13%
San Zenone al Lambro Milano Lombardia 4422
13%
Saponara Messina Sicilia 3707
13%
Saracena Cosenza Calabria 3480
13%
Sarcedo Vicenza Veneto 5313
13%
Sarego Vicenza Veneto 6670
13%
Sarnico Bergamo Lombardia 6722
13%
Satriano Catanzaro Calabria 3318
13%
Sava Taranto Puglia 15463
13%
Savignano sul Panaro Modena Emilia-Romagna 9289
13%
Saviore dell'Adamello Brescia Lombardia 853
13%
Scanzorosciate Bergamo Lombardia 9801
13%
Scarperia e San Piero Firenze Toscana 12071
13%
Schiavon Vicenza Veneto 2645
13%
Scopa Vercelli Piemonte 373
13%
Selargius Cagliari Sardegna 28655
13%
Sellero Brescia Lombardia 1407
13%
Selva di Progno Verona Veneto 892
13%
Selvazzano Dentro Padova Veneto 22920
13%
Seren del Grappa Belluno Veneto 2417
13%
Serino Avellino Campania 6789
13%
Serravalle Pistoiese Pistoia Toscana 11664
13%
Settala Milano Lombardia 7330
13%
Siculiana Agrigento Sicilia 4177
13%
Sinalunga Siena Toscana 12195
13%
Sinopoli Reggio Calabria Calabria 1897
13%
Soglio Asti Piemonte 156
13%
Soiano del Lago Brescia Lombardia 1920
13%
Solbiate Olona Varese Lombardia 5341
13%
Solero Alessandria Piemonte 1570
13%
Solesino Padova Veneto 6843
13%
Sona Verona Veneto 17629
13%
Sorano Grosseto Toscana 3118
13%
Sorgà Verona Veneto 2957
13%
Sormano Como Lombardia 632
13%
Sospiro Cremona Lombardia 3007
13%
Sotto il Monte Giovanni XXIII Bergamo Lombardia 4417
13%
Sovere Bergamo Lombardia 5205
13%
Sovizzo Vicenza Veneto 8308
13%
Sperlinga Enna Sicilia 691
13%
Sperone Avellino Campania 3650
13%
Stellanello Savona Liguria 829
13%
Stenico Trento Trentino-Alto Adige 1178
13%
Stintino Sassari Sardegna 1543
13%
Stornarella Foggia Puglia 5220
13%
Stradella Pavia Lombardia 11448
13%
Strongoli Crotone Calabria 6146
13%
Suello Lecco Lombardia 1755
13%
Sulzano Brescia Lombardia 1915
13%
Suvereto Livorno Toscana 2985
13%
Sala Biellese Biella Piemonte 561
6%
Salandra Matera Basilicata 2595
6%
Salaparuta Trapani Sicilia 1596
6%
Salara Rovigo Veneto 1081
6%
Salcedo Vicenza Veneto 1016
6%
Salgareda Treviso Veneto 6596
6%
Salice Salentino Lecce Puglia 7889
6%
Salvitelle Salerno Campania 500
6%
Salza di Pinerolo Torino Piemonte 75
6%
Salza Irpina Avellino Campania 728
6%
Salzano Venezia Veneto 12858
6%
Samarate Varese Lombardia 16065
6%
Sambuca Pistoiese Pistoia Toscana 1444
6%
Sambuco Cuneo Piemonte 85
6%
Sampeyre Cuneo Piemonte 989
6%
San Basile Cosenza Calabria 954
6%
San Benedetto in Perillis L'Aquila Abruzzo 97
6%
San Benedetto Ullano Cosenza Calabria 1404
6%
San Benedetto Val di Sambro Bologna Emilia-Romagna 4203
6%
San Benigno Canavese Torino Piemonte 5955
6%
San Biase Campobasso Molise 150
6%
San Buono Chieti Abruzzo 891
6%
San Calogero Vibo Valentia Calabria 3954
6%
San Casciano dei Bagni Siena Toscana 1546
6%
San Casciano in Val di Pesa Firenze Toscana 16690
6%
San Cassiano Lecce Puglia 1966
6%
San Cesario di Lecce Lecce Puglia 7880
6%
San Chirico Nuovo Potenza Basilicata 1225
6%
San Cipirello Palermo Sicilia 5050
6%
San Cipriano Picentino Salerno Campania 6532
6%
San Cipriano Po Pavia Lombardia 477
6%
San Clemente Rimini Emilia-Romagna 5624
6%
San Colombano al Lambro Milano Lombardia 7275
6%
San Cosmo Albanese Cosenza Calabria 581
6%
San Costantino Albanese Potenza Basilicata 624
6%
San Damiano d'Asti Asti Piemonte 8076
6%
San Daniele Po Cremona Lombardia 1280
6%
San Didero Torino Piemonte 512
6%
San Donaci Brindisi Puglia 6276
6%
San Donato Val di Comino Frosinone Lazio 1886
6%
San Dorligo della Valle Trieste Friuli-Venezia Giulia 5622
6%
San Fele Potenza Basilicata 2654
6%
San Felice a Cancello Caserta Campania 16884
6%
San Felice sul Panaro Modena Emilia-Romagna 10741
6%
San Fermo della Battaglia Como Lombardia 7774
6%
San Filippo del Mela Messina Sicilia 6764
6%
Sanfront Cuneo Piemonte 2290
6%
Sangano Torino Piemonte 3683
6%
San Genesio ed Uniti Pavia Lombardia 3968
6%
San Giacomo delle Segnate Mantova Lombardia 1513
6%
San Giacomo Filippo Sondrio Lombardia 360
6%
San Ginesio Macerata Marche 3149
6%
San Giorgio Albanese Cosenza Calabria 1326
6%
San Giorgio Bigarello Mantova Lombardia 11830
6%
San Giorgio delle Pertiche Padova Veneto 10145
6%
San Giorgio del Sannio Benevento Campania 9804
6%
San Giorgio di Nogaro Udine Friuli-Venezia Giulia 7375
6%
San Giorgio di Piano Bologna Emilia-Romagna 9048
6%
San Giorgio La Molara Benevento Campania 2845
6%
San Giorgio Lucano Matera Basilicata 1091
6%
San Giorgio Monferrato Alessandria Piemonte 1192
6%
San Giorgio Piacentino Piacenza Emilia-Romagna 5600
6%
San Giorio di Susa Torino Piemonte 978
6%
San Giovanni Gemini Agrigento Sicilia 7590
6%
San Giovanni Ilarione Verona Veneto 4911
6%
San Giovanni in Croce Cremona Lombardia 1894
6%
San Giovanni Lupatoto Verona Veneto 25418
6%
San Giovanni Teatino Chieti Abruzzo 14174
6%
San Giovanni Valdarno Arezzo Toscana 16637
6%
San Giusto Canavese Torino Piemonte 3247
6%
San Gregorio Matese Caserta Campania 890
6%
San Leonardo in Passiria Bolzano Trentino-Alto Adige 3577
6%
San Leucio del Sannio Benevento Campania 2920
6%
San Lorenzello Benevento Campania 2129
6%
San Lorenzo al Mare Imperia Liguria 1235
6%
San Lorenzo Bellizzi Cosenza Calabria 561
6%
San Lorenzo del Vallo Cosenza Calabria 3131
6%
San Lorenzo di Sebato Bolzano Trentino-Alto Adige 3864
6%
San Lorenzo in Campo Pesaro e Urbino Marche 3176
6%
San Lorenzo Maggiore Benevento Campania 1944
6%
San Mango Piemonte Salerno Campania 2637
6%
San Mango sul Calore Avellino Campania 1094
6%
San Marcellino Caserta Campania 14274
6%
San Marcello Piteglio Pistoia Toscana 7709
6%
San Marco Argentano Cosenza Calabria 7063
6%
San Marco dei Cavoti Benevento Campania 3058
6%
San Marco in Lamis Foggia Puglia 12901
6%
San Marco la Catola Foggia Puglia 910
6%
San Martino dall'Argine Mantova Lombardia 1638
6%
San Martino del Lago Cremona Lombardia 393
6%
San Martino di Venezze Rovigo Veneto 3777
6%
San Martino in Pensilis Campobasso Molise 4601
6%
San Martino in Strada Lodi Lombardia 3733
6%
San Martino Sannita Benevento Campania 1163
6%
San Martino Siccomario Pavia Lombardia 6416
6%
San Marzano di San Giuseppe Taranto Puglia 8950
6%
San Marzano Oliveto Asti Piemonte 992
6%
San Mauro Forte Matera Basilicata 1310
6%
San Mauro Pascoli Forlì-Cesena Emilia-Romagna 12184
6%
San Michele di Serino Avellino Campania 2436
6%
San Michele Salentino Brindisi Puglia 6170
6%
San Nazzaro Benevento Campania 867
6%
San Nicola Arcella Cosenza Calabria 1917
6%
San Nicola Baronia Avellino Campania 761
6%
San Nicola da Crissa Vibo Valentia Calabria 1231
6%
San Nicola dell'Alto Crotone Calabria 725
6%
San Nicola la Strada Caserta Campania 22160
6%
San Nicola Manfredi Benevento Campania 3577
6%
San Pancrazio Bolzano Trentino-Alto Adige 1524
6%
San Pancrazio Salentino Brindisi Puglia 9429
6%
San Paolo Albanese Potenza Basilicata 226
6%
San Paolo Bel Sito Napoli Campania 3367
6%
San Paolo di Civitate Foggia Puglia 5597
6%
San Paolo di Jesi Ancona Marche 920
6%
San Pier Niceto Messina Sicilia 2583
6%
San Piero Patti Messina Sicilia 2651
6%
San Pietro al Tanagro Salerno Campania 1663
6%
San Pietro a Maida Catanzaro Calabria 3820
6%
San Pietro Apostolo Catanzaro Calabria 1564
6%
San Pietro Clarenza Catania Sicilia 8123
6%
San Pietro di Cadore Belluno Veneto 1557
6%
San Pietro di Caridà Reggio Calabria Calabria 1030
6%
San Pietro di Feletto Treviso Veneto 5092
6%
San Pietro in Casale Bologna Emilia-Romagna 12678
6%
San Pietro Infine Caserta Campania 887
6%
San Pietro in Lama Lecce Puglia 3443
6%
San Prisco Caserta Campania 12043
6%
San Procopio Reggio Calabria Calabria 511
6%
San Quirino Pordenone Friuli-Venezia Giulia 4220
6%
San Roberto Reggio Calabria Calabria 1563
6%
San Rufo Salerno Campania 1619
6%
San Salvatore Monferrato Alessandria Piemonte 4055
6%
San Salvatore Telesino Benevento Campania 3845
6%
San Sebastiano al Vesuvio Napoli Campania 8738
6%
San Secondo di Pinerolo Torino Piemonte 3615
6%
San Sostene Catanzaro Calabria 1417
6%
San Sosti Cosenza Calabria 1924
6%
Santa Brigida Bergamo Lombardia 523
6%
Santa Caterina Albanese Cosenza Calabria 1171
6%
Santa Caterina dello Ionio Catanzaro Calabria 1971
6%
Santa Caterina d'Este Padova Veneto 2338
6%
Santa Cristina d'Aspromonte Reggio Calabria Calabria 795
6%
Santa Cristina e Bissone Pavia Lombardia 1881
6%
Santa Cristina Gela Palermo Sicilia 988
6%
Santa Cristina Valgardena Bolzano Trentino-Alto Adige 2036
6%
Santa Croce del Sannio Benevento Campania 874
6%
Santadi Sulcis Iglesiente Sardegna 3199
6%
Santa Domenica Talao Cosenza Calabria 1153
6%
Santa Elisabetta Agrigento Sicilia 2166
6%
Santa Fiora Grosseto Toscana 2490
6%
Sant'Agapito Isernia Molise 1366
6%
Sant'Agata de' Goti Benevento Campania 10426
6%
Sant'Agata del Bianco Reggio Calabria Calabria 582
6%
Sant'Agata di Puglia Foggia Puglia 1832
6%
Sant'Agata Feltria Rimini Emilia-Romagna 2034
6%
Santa Giuletta Pavia Lombardia 1548
6%
Sant'Agnello Napoli Campania 8685
6%
Santa Luce Pisa Toscana 1607
6%
Santa Lucia del Mela Messina Sicilia 4453
6%
Santa Lucia di Piave Treviso Veneto 9120
6%
Santa Lucia di Serino Avellino Campania 1406
6%
Santa Margherita di Staffora Pavia Lombardia 448
6%
Santa Maria a Monte Pisa Toscana 13307
6%
Santa Maria del Molise Isernia Molise 676
6%
Santa Maria di Licodia Catania Sicilia 7395
6%
Santa Maria Hoè Lecco Lombardia 2127
6%
Santa Maria la Carità Napoli Campania 11685
6%
Santa Maria la Fossa Caserta Campania 2553
6%
Santa Maria la Longa Udine Friuli-Venezia Giulia 2313
6%
Santa Maria Nuova Ancona Marche 4048
6%
Sant'Ambrogio di Torino Torino Piemonte 4597
6%
Sant'Ambrogio di Valpolicella Verona Veneto 11948
6%
Sant'Ambrogio sul Garigliano Frosinone Lazio 906
6%
San Tammaro Caserta Campania 5717
6%
Sant'Anastasia Napoli Campania 26411
6%
Sant'Andrea del Garigliano Frosinone Lazio 1303
6%
Sant'Angelo a Cupolo Benevento Campania 4148
6%
Sant'Angelo a Fasanella Salerno Campania 531
6%
Sant'Angelo all'Esca Avellino Campania 729
6%
Sant'Angelo a Scala Avellino Campania 709
6%
Sant'Angelo d'Alife Caserta Campania 2095
6%
Sant'Angelo di Brolo Messina Sicilia 2826
6%
Sant'Angelo di Piove di Sacco Padova Veneto 7216
6%
Sant'Angelo Le Fratte Potenza Basilicata 1331
6%
Sant'Angelo Limosano Campobasso Molise 328
6%
Sant'Angelo Lodigiano Lodi Lombardia 13225
6%
Sant'Angelo Romano Roma Lazio 4833
6%
Sant'Antonino di Susa Torino Piemonte 4060
6%
Sant'Antonio Abate Napoli Campania 19247
6%
Sant'Arcangelo Trimonte Benevento Campania 493
6%
Sant'Arpino Caserta Campania 14869
6%
Sant'Arsenio Salerno Campania 2713
6%
Santa Sofia Forlì-Cesena Emilia-Romagna 4053
6%
Santa Vittoria in Matenano Fermo Marche 1246
6%
Sant'Egidio alla Vibrata Teramo Abruzzo 9834
6%
Sant'Egidio del Monte Albino Salerno Campania 8806
6%
Sant'Elia Fiumerapido Frosinone Lazio 5733
6%
Sant'Elpidio a Mare Fermo Marche 16773
6%
Sante Marie L'Aquila Abruzzo 1111
6%
Sant'Eufemia d'Aspromonte Reggio Calabria Calabria 3792
6%
Sant'Ilario dello Ionio Reggio Calabria Calabria 1345
6%
Sant'Ilario d'Enza Reggio Emilia Emilia-Romagna 11159
6%
Sant'Ippolito Pesaro e Urbino Marche 1463
6%
Sant'Olcese Genova Liguria 5633
6%
San Tomaso Agordino Belluno Veneto 611
6%
Sant'Omobono Terme Bergamo Lombardia 3835
6%
Sant'Onofrio Vibo Valentia Calabria 2889
6%
Santopadre Frosinone Lazio 1225
6%
Sant'Oreste Roma Lazio 3504
6%
Santo Stefano Belbo Cuneo Piemonte 3863
6%
Santo Stefano del Sole Avellino Campania 2071
6%
Santo Stefano di Magra Spezia Liguria 9836
6%
Santo Stefano Lodigiano Lodi Lombardia 1857
6%
Santo Stefano Ticino Milano Lombardia 4938
6%
San Vitaliano Napoli Campania 6371
6%
San Vito Chietino Chieti Abruzzo 5189
6%
San Vito Romano Roma Lazio 3125
6%
San Vito sullo Ionio Catanzaro Calabria 1637
6%
San Vittore del Lazio Frosinone Lazio 2505
6%
San Zenone al Po Pavia Lombardia 553
6%
San Zenone degli Ezzelini Treviso Veneto 7317
6%
Sarentino Bolzano Trentino-Alto Adige 7128
6%
Sarezzo Brescia Lombardia 13199
6%
Sarmede Treviso Veneto 2975
6%
Sarsina Forlì-Cesena Emilia-Romagna 3301
6%
Sassano Salerno Campania 4641
6%
Sassinoro Benevento Campania 642
6%
Sasso di Castalda Potenza Basilicata 766
6%
Sassofeltrio Rimini Emilia-Romagna 1352
6%
Sassoferrato Ancona Marche 6876
6%
Satriano di Lucania Potenza Basilicata 2254
6%
Savignano Irpino Avellino Campania 1048
6%
Savignone Genova Liguria 3038
6%
Savoca Messina Sicilia 1660
6%
Scala Coeli Cosenza Calabria 866
6%
Scaldasole Pavia Lombardia 870
6%
Scalenghe Torino Piemonte 3226
6%
Scaletta Zanclea Messina Sicilia 1915
6%
Scandale Crotone Calabria 2851
6%
Scandolara Ravara Cremona Lombardia 1316
6%
Scandolara Ripa d'Oglio Cremona Lombardia 522
6%
Sciara Palermo Sicilia 2551
6%
Sclafani Bagni Palermo Sicilia 388
6%
Scordia Catania Sicilia 16296
6%
Scurcola Marsicana L'Aquila Abruzzo 2702
6%
Seborga Imperia Liguria 281
6%
Sedriano Milano Lombardia 12403
6%
Sedrina Bergamo Lombardia 2461
6%
Segonzano Trento Trentino-Alto Adige 1403
6%
Segusino Treviso Veneto 1838
6%
Sellano Perugia Umbria 1003
6%
Selvino Bergamo Lombardia 1974
6%
Senerchia Avellino Campania 762
6%
Sepino Campobasso Molise 1791
6%
Serina Bergamo Lombardia 2026
6%
Serle Brescia Lombardia 3039
6%
Sernaglia della Battaglia Treviso Veneto 6171
6%
Serole Asti Piemonte 107
6%
Serracapriola Foggia Puglia 3759
6%
Serradifalco Caltanissetta Sicilia 5679
6%
Serramazzoni Modena Emilia-Romagna 8404
6%
Serramezzana Salerno Campania 289
6%
Serrapetrona Macerata Marche 910
6%
Serrara Fontana Napoli Campania 3023
6%
Serra Riccò Genova Liguria 7621
6%
Serrata Reggio Calabria Calabria 801
6%
Serravalle di Chienti Macerata Marche 1031
6%
Sersale Catanzaro Calabria 4318
6%
Sessa Cilento Salerno Campania 1210
6%
Sestino Arezzo Toscana 1227
6%
Sesto al Reghena Pordenone Friuli-Venezia Giulia 6346
6%
Settefrati Frosinone Lazio 711
6%
Seulo Nuoro Sardegna 795
6%
Siano Salerno Campania 9464
6%
Silandro Bolzano Trentino-Alto Adige 6264
6%
Silea Treviso Veneto 10195
6%
Sini Oristano Sardegna 491
6%
Sirignano Avellino Campania 2795
6%
Siziano Pavia Lombardia 6351
6%
Sogliano Cavour Lecce Puglia 3923
6%
Solagna Vicenza Veneto 1807
6%
Solarino Siracusa Sicilia 7556
6%
Solferino Mantova Lombardia 2659
6%
Soliera Modena Emilia-Romagna 15474
6%
Solofra Avellino Campania 12124
6%
Solopaca Benevento Campania 3536
6%
Solto Collina Bergamo Lombardia 1769
6%
Somano Cuneo Piemonte 316
6%
Sommatino Caltanissetta Sicilia 6487
6%
Sommo Pavia Lombardia 1152
6%
Soncino Cremona Lombardia 7557
6%
Sondalo Sondrio Lombardia 3970
6%
Soragna Parma Emilia-Romagna 4790
6%
Sorbo Serpico Avellino Campania 554
6%
Sorico Como Lombardia 1235
6%
Soriso Novara Piemonte 723
6%
Sorisole Bergamo Lombardia 9012
6%
Sorso Sassari Sardegna 14339
6%
Sortino Siracusa Sicilia 8337
6%
Sospirolo Belluno Veneto 3091
6%
Sossano Vicenza Veneto 4194
6%
Sovico Monza e della Brianza Lombardia 8307
6%
Spadafora Messina Sicilia 4701
6%
Spadola Vibo Valentia Calabria 797
6%
Sparanise Caserta Campania 7182
6%
Spilamberto Modena Emilia-Romagna 12845
6%
Spilimbergo Pordenone Friuli-Venezia Giulia 11942
6%
Spinadesco Cremona Lombardia 1495
6%
Spino d'Adda Cremona Lombardia 6855
6%
Spoltore Pescara Abruzzo 18996
6%
Spongano Lecce Puglia 3491
6%
Spresiano Treviso Veneto 12313
6%
Stella Cilento Salerno Campania 690
6%
Sternatia Lecce Puglia 2171
6%
Stezzano Bergamo Lombardia 13346
6%
Stienta Rovigo Veneto 3165
6%
Stigliano Matera Basilicata 3768
6%
Stilo Reggio Calabria Calabria 2423
6%
Stornara Foggia Puglia 5712
6%
Strembo Trento Trentino-Alto Adige 609
6%
Stroncone Terni Umbria 4685
6%
Succivo Caserta Campania 8575
6%
Sueglio Lecco Lombardia 145
6%
Suelli Cagliari Sardegna 1081
6%
Summonte Avellino Campania 1491
6%
Suni Oristano Sardegna 1005
6%
Suno Novara Piemonte 2708
6%
Surbo Lecce Puglia 14725
6%
Susegana Treviso Veneto 11707
6%
Sustinente Mantova Lombardia 2013
6%
Sutera Caltanissetta Sicilia 1234
6%
Sutrio Udine Friuli-Venezia Giulia 1237
6%
Saccolongo Padova Veneto 4930
0%
Sadali Cagliari Sardegna 899
0%
Sagama Oristano Sardegna 194
0%
Sagliano Micca Biella Piemonte 1543
0%
Sagrado Gorizia Friuli-Venezia Giulia 2155
0%
Sagron Mis Trento Trentino-Alto Adige 179
0%
Saint-Christophe Aosta Valle d'Aosta 3471
0%
Saint-Denis Aosta Valle d'Aosta 366
0%
Saint-Marcel Aosta Valle d'Aosta 1311
0%
Saint-Nicolas Aosta Valle d'Aosta 320
0%
Saint-Oyen Aosta Valle d'Aosta 194
0%
Saint-Rhémy-en-Bosses Aosta Valle d'Aosta 333
0%
Sala Baganza Parma Emilia-Romagna 5757
0%
Sala Comacina Como Lombardia 481
0%
Sala Monferrato Alessandria Piemonte 339
0%
Salasco Vercelli Piemonte 201
0%
Salassa Torino Piemonte 1809
0%
Salcito Campobasso Molise 635
0%
Sale delle Langhe Cuneo Piemonte 475
0%
Salerano Canavese Torino Piemonte 462
0%
Salerano sul Lambro Lodi Lombardia 2609
0%
Sale San Giovanni Cuneo Piemonte 161
0%
Salisano Rieti Lazio 514
0%
Sali Vercellese Vercelli Piemonte 98
0%
Salmour Cuneo Piemonte 731
0%
Salorno sulla Strada del Vino Bolzano Trentino-Alto Adige 3802
0%
Saltrio Varese Lombardia 2987
0%
Saludecio Rimini Emilia-Romagna 3009
0%
Saluggia Vercelli Piemonte 3792
0%
Salussola Biella Piemonte 1871
0%
Salvirola Cremona Lombardia 1137
0%
Samassi Medio Campidano Sardegna 4911
0%
Samatzai Cagliari Sardegna 1556
0%
Sambuci Roma Lazio 851
0%
Samolaco Sondrio Lombardia 2834
0%
Samone Torino Piemonte 1501
0%
Samone Trento Trentino-Alto Adige 1501
0%
Samugheo Oristano Sardegna 2814
0%
Sanarica Lecce Puglia 1443
0%
San Bartolomeo al Mare Imperia Liguria 2983
0%
San Bartolomeo in Galdo Benevento Campania 4457
0%
San Bartolomeo Val Cavargna Como Lombardia 980
0%
San Benedetto Belbo Cuneo Piemonte 153
0%
San Benedetto dei Marsi L'Aquila Abruzzo 3761
0%
San Bernardino Verbano Verbano-Cusio-Ossola Piemonte 1267
0%
San Biagio della Cima Imperia Liguria 1238
0%
San Biagio Saracinisco Frosinone Lazio 308
0%
San Cesario sul Panaro Modena Emilia-Romagna 6533
0%
San Chirico Raparo Potenza Basilicata 955
0%
San Cipriano d'Aversa Caserta Campania 13196
0%
San Colombano Belmonte Torino Piemonte 362
0%
San Costantino Calabro Vibo Valentia Calabria 2084
0%
San Costanzo Pesaro e Urbino Marche 4583
0%
San Damiano al Colle Pavia Lombardia 633
0%
San Damiano Macra Cuneo Piemonte 407
0%
San Demetrio Corone Cosenza Calabria 3130
0%
San Demetrio ne' Vestini L'Aquila Abruzzo 1880
0%
Sandigliano Biella Piemonte 2595
0%
San Donato di Ninea Cosenza Calabria 1142
0%
San Felice del Molise Campobasso Molise 571
0%
San Ferdinando Reggio Calabria Calabria 4626
0%
San Ferdinando di Puglia Barletta-Andria-Trani Puglia 13734
0%
San Fiorano Lodi Lombardia 1826
0%
San Floriano del Collio Gorizia Friuli-Venezia Giulia 747
0%
San Floro Catanzaro Calabria 714
0%
San Francesco al Campo Torino Piemonte 4839
0%
San Gavino Monreale Medio Campidano Sardegna 8189
0%
San Genesio Atesino Bolzano Trentino-Alto Adige 3079
0%
San Germano Chisone Torino Piemonte 1707
0%
San Germano Vercellese Vercelli Piemonte 1474
0%
San Giacomo degli Schiavoni Campobasso Molise 1375
0%
San Giacomo Vercellese Vercelli Piemonte 292
0%
Sangiano Varese Lombardia 1483
0%
San Gillio Torino Piemonte 3173
0%
San Giorgio a Liri Frosinone Lazio 3005
0%
San Giorgio della Richinvelda Pordenone Friuli-Venezia Giulia 4717
0%
San Giorgio di Lomellina Pavia Lombardia 1034
0%
San Giorgio Morgeto Reggio Calabria Calabria 2965
0%
San Giorgio Scarampi Asti Piemonte 100
0%
San Giovanni al Natisone Udine Friuli-Venezia Giulia 6101
0%
San Giovanni a Piro Salerno Campania 3636
0%
San Giovanni del Dosso Mantova Lombardia 1251
0%
San Giovanni di Fassa Trento Trentino-Alto Adige 3633
0%
San Giovanni di Gerace Reggio Calabria Calabria 420
0%
San Giovanni Incarico Frosinone Lazio 3146
0%
San Giovanni in Galdo Campobasso Molise 537
0%
San Giovanni in Marignano Rimini Emilia-Romagna 9441
0%
San Giovanni Lipioni Chieti Abruzzo 149
0%
San Giovanni Suergiu Sulcis Iglesiente Sardegna 5707
0%
San Giuliano del Sannio Campobasso Molise 949
0%
San Giuliano di Puglia Campobasso Molise 992
0%
San Godenzo Firenze Toscana 1067
0%
San Gregorio da Sassola Roma Lazio 1454
0%
San Gregorio d'Ippona Vibo Valentia Calabria 2535
0%
San Gregorio nelle Alpi Belluno Veneto 1573
0%
San Lorenzo Dorsino Trento Trentino-Alto Adige 1554
0%
San Lorenzo Isontino Gorizia Friuli-Venezia Giulia 1518
0%
San Lorenzo Nuovo Viterbo Lazio 1995
0%
San Lucido Cosenza Calabria 5939
0%
San Mango d'Aquino Catanzaro Calabria 1451
0%
San Marco d'Alunzio Messina Sicilia 1830
0%
San Marco Evangelista Caserta Campania 6470
0%
San Martino Alfieri Asti Piemonte 675
0%
San Martino al Tagliamento Pordenone Friuli-Venezia Giulia 1426
0%
San Martino d'Agri Potenza Basilicata 685
0%
San Martino di Finita Cosenza Calabria 971
0%
San Martino in Badia Bolzano Trentino-Alto Adige 1769
0%
San Martino in Passiria Bolzano Trentino-Alto Adige 3223
0%
San Martino in Rio Reggio Emilia Emilia-Romagna 8219
0%
San Martino sulla Marrucina Chieti Abruzzo 865
0%
San Martino Valle Caudina Avellino Campania 4753
0%
San Marzano sul Sarno Salerno Campania 10357
0%
San Massimo Campobasso Molise 811
0%
San Maurizio d'Opaglio Novara Piemonte 3001
0%
San Mauro Castelverde Palermo Sicilia 1415
0%
San Mauro Cilento Salerno Campania 862
0%
San Mauro La Bruca Salerno Campania 548
0%
San Mauro Marchesato Crotone Calabria 1966
0%
San Michele di Ganzaria Catania Sicilia 2965
0%
San Michele Mondovì Cuneo Piemonte 1846
0%
Sannazzaro de' Burgondi Pavia Lombardia 5149
0%
San Nazzaro Sesia Novara Piemonte 745
0%
San Nazzaro Val Cavargna Como Lombardia 281
0%
San Nicolò d'Arcidano Oristano Sardegna 2521
0%
San Nicolò di Comelico Belluno Veneto 373
0%
San Nicolò Gerrei Cagliari Sardegna 734
0%
San Paolo Solbrito Asti Piemonte 1184
0%
San Pier d'Isonzo Gorizia Friuli-Venezia Giulia 1977
0%
San Pietro al Natisone Udine Friuli-Venezia Giulia 2129
0%
San Pietro Avellana Isernia Molise 439
0%
San Pietro in Amantea Cosenza Calabria 500
0%
San Pietro in Cerro Piacenza Emilia-Romagna 808
0%
San Pietro in Guarano Cosenza Calabria 3461
0%
San Pietro Mosezzo Novara Piemonte 2019
0%
San Pietro Val Lemina Torino Piemonte 1439
0%
San Pietro Viminario Padova Veneto 3044
0%
San Pio delle Camere L'Aquila Abruzzo 671
0%
San Polo d'Enza Reggio Emilia Emilia-Romagna 6173
0%
San Polo di Piave Treviso Veneto 4946
0%
San Polo Matese Campobasso Molise 477
0%
San Ponso Torino Piemonte 257
0%
San Possidonio Modena Emilia-Romagna 3471
0%
San Potito Sannitico Caserta Campania 1918
0%
San Potito Ultra Avellino Campania 1479
0%
San Prospero Modena Emilia-Romagna 5975
0%
San Raffaele Cimena Torino Piemonte 3098
0%
San Rocco al Porto Lodi Lombardia 3354
0%
San Romano in Garfagnana Lucca Toscana 1368
0%
San Salvatore di Fitalia Messina Sicilia 1178
0%
San Sebastiano Curone Alessandria Piemonte 533
0%
San Sebastiano da Po Torino Piemonte 1855
0%
San Secondo Parmense Parma Emilia-Romagna 5767
0%
San Severino Lucano Potenza Basilicata 1419
0%
San Sossio Baronia Avellino Campania 1529
0%
San Sperate Cagliari Sardegna 8330
0%
Santa Caterina Villarmosa Caltanissetta Sicilia 4847
0%
Santa Croce di Magliano Campobasso Molise 4058
0%
Santa Croce sull'Arno Pisa Toscana 14549
0%
Santa Flavia Palermo Sicilia 10879
0%
Sant'Agata di Esaro Cosenza Calabria 1724
0%
Sant'Agata Fossili Alessandria Piemonte 368
0%
Santa Giusta Oristano Sardegna 4673
0%
Sant'Albano Stura Cuneo Piemonte 2347
0%
Sant'Alessio con Vialone Pavia Lombardia 962
0%
Sant'Alessio in Aspromonte Reggio Calabria Calabria 332
0%
Sant'Alessio Siculo Messina Sicilia 1488
0%
Santa Margherita di Belice Agrigento Sicilia 6104
0%
Santa Maria Coghinas Sassari Sardegna 1296
0%
Santa Maria del Cedro Cosenza Calabria 4865
0%
Santa Maria della Versa Pavia Lombardia 2296
0%
Santa Maria Imbaro Chieti Abruzzo 2054
0%
Santa Maria Maggiore Verbano-Cusio-Ossola Piemonte 1284
0%
Sant'Anatolia di Narco Perugia Umbria 526
0%
Sant'Andrea Apostolo dello Ionio Catanzaro Calabria 1758
0%
Sant'Andrea di Conza Avellino Campania 1351
0%
Sant'Andrea Frius Cagliari Sardegna 1694
0%
Sant'Angelo del Pesco Isernia Molise 344
0%
Sant'Angelo in Pontano Macerata Marche 1285
0%
Sant'Angelo in Vado Pesaro e Urbino Marche 3919
0%
Sant'Angelo Lomellina Pavia Lombardia 798
0%
Sant'Anna Arresi Sulcis Iglesiente Sardegna 2644
0%
Sant'Antonio di Gallura Gallura Nord-Est Sardegna Sardegna 1448
0%
Santa Paolina Avellino Campania 1201
0%
Santa Sofia d'Epiro Cosenza Calabria 2251
0%
Santa Vittoria d'Alba Cuneo Piemonte 2878
0%
Sant'Elena Sannita Isernia Molise 275
0%
Sant'Elia a Pianisi Campobasso Molise 1605
0%
Sant'Eufemia a Maiella Pescara Abruzzo 258
0%
Sant'Eusanio del Sangro Chieti Abruzzo 2308
0%
Sant'Eusanio Forconese L'Aquila Abruzzo 362
0%
Santi Cosma e Damiano Latina Lazio 6813
0%
Sant'Omero Teramo Abruzzo 5185
0%
Sant'Orsola Terme Trento Trentino-Alto Adige 1120
0%
Santo Stefano d'Aveto Genova Liguria 1015
0%
Santo Stefano di Rogliano Cosenza Calabria 1676
0%
Santo Stefano di Sessanio L'Aquila Abruzzo 116
0%
Santo Stefano in Aspromonte Reggio Calabria Calabria 1163
0%
Santo Stefano Quisquina Agrigento Sicilia 4216
0%
Santo Stefano Roero Cuneo Piemonte 1346
0%
Santu Lussurgiu Oristano Sardegna 2247
0%
San Valentino in Abruzzo Citeriore Pescara Abruzzo 1860
0%
San Valentino Torio Salerno Campania 10893
0%
San Venanzo Terni Umbria 2157
0%
San Vero Milis Oristano Sardegna 2407
0%
San Vincenzo La Costa Cosenza Calabria 2023
0%
San Vincenzo Valle Roveto L'Aquila Abruzzo 2120
0%
San Vito al Torre Udine Friuli-Venezia Giulia 1219
0%
San Vito di Fagagna Udine Friuli-Venezia Giulia 1690
0%
Saracinesco Roma Lazio 171
0%
Sarconi Potenza Basilicata 1405
0%
Sardara Medio Campidano Sardegna 3856
0%
Sardigliano Alessandria Piemonte 384
0%
Sarezzano Alessandria Piemonte 1134
0%
Sarmato Piacenza Emilia-Romagna 2896
0%
Sarnano Macerata Marche 3080
0%
Sarnonico Trento Trentino-Alto Adige 794
0%
Sarroch Cagliari Sardegna 5097
0%
Sarteano Siena Toscana 4528
0%
Sartirana Lomellina Pavia Lombardia 1491
0%
Sarule Nuoro Sardegna 1596
0%
Sassetta Livorno Toscana 489
0%
Sassocorvaro Auditore Pesaro e Urbino Marche 4870
0%
Sauris Udine Friuli-Venezia Giulia 393
0%
Sauze di Cesana Torino Piemonte 250
0%
Sauze d'Oulx Torino Piemonte 1081
0%
Savelli Crotone Calabria 1083
0%
Savogna Udine Friuli-Venezia Giulia 351
0%
Savogna d'Isonzo Gorizia Friuli-Venezia Giulia 1740
0%
Savoia di Lucania Potenza Basilicata 1018
0%
Scagnello Cuneo Piemonte 177
0%
Scampitella Avellino Campania 1087
0%
Scandriglia Rieti Lazio 3138
0%
Scano di Montiferro Oristano Sardegna 1434
0%
Scansano Grosseto Toscana 4268
0%
Scapoli Isernia Molise 606
0%
Scarlino Grosseto Toscana 3829
0%
Scarmagno Torino Piemonte 806
0%
Scarnafigi Cuneo Piemonte 2152
0%
Scena Bolzano Trentino-Alto Adige 3053
0%
Scerni Chieti Abruzzo 3022
0%
Scheggia e Pascelupo Perugia Umbria 1315
0%
Scheggino Perugia Umbria 463
0%
Schiavi di Abruzzo Chieti Abruzzo 702
0%
Schignano Como Lombardia 871
0%
Schilpario Bergamo Lombardia 1152
0%
Schivenoglia Mantova Lombardia 1096
0%
Scido Reggio Calabria Calabria 866
0%
Scigliano Cosenza Calabria 1113
0%
Scillato Palermo Sicilia 627
0%
Sciolze Torino Piemonte 1432
0%
Scisciano Napoli Campania 6071
0%
Scontrone L'Aquila Abruzzo 542
0%
Scoppito L'Aquila Abruzzo 3802
0%
Scorrano Lecce Puglia 6689
0%
Scurelle Trento Trentino-Alto Adige 1373
0%
Scurzolengo Asti Piemonte 529
0%
Secinaro L'Aquila Abruzzo 329
0%
Seclì Lecce Puglia 1825
0%
Secugnago Lodi Lombardia 1931
0%
Sedegliano Udine Friuli-Venezia Giulia 3681
0%
Sedilo Oristano Sardegna 2018
0%
Sedini Sassari Sardegna 1272
0%
Sefro Macerata Marche 416
0%
Segariu Medio Campidano Sardegna 1108
0%
Seggiano Grosseto Toscana 1006
0%
Selci Rieti Lazio 1081
0%
Selegas Cagliari Sardegna 1297
0%
Sella Giudicarie Trento Trentino-Alto Adige 2894
0%
Selva dei Molini Bolzano Trentino-Alto Adige 1402
0%
Semestene Sassari Sardegna 129
0%
Semiana Pavia Lombardia 206
0%
Seminara Reggio Calabria Calabria 2510
0%
Semproniano Grosseto Toscana 988
0%
Senale-San Felice Bolzano Trentino-Alto Adige 775
0%
Seneghe Oristano Sardegna 1698
0%
Senis Oristano Sardegna 430
0%
Senise Potenza Basilicata 6656
0%
Senna Comasco Como Lombardia 3157
0%
Senna Lodigiana Lodi Lombardia 1784
0%
Sennariolo Oristano Sardegna 159
0%
Sennori Sassari Sardegna 7001
0%
Senorbì Cagliari Sardegna 4713
0%
Sequals Pordenone Friuli-Venezia Giulia 2182
0%
Seravezza Lucca Toscana 12556
0%
Serdiana Cagliari Sardegna 2659
0%
Sergnano Cremona Lombardia 3488
0%
Sernio Sondrio Lombardia 489
0%
Serra d'Aiello Cosenza Calabria 500
0%
Serra de' Conti Ancona Marche 3650
0%
Serralunga d'Alba Cuneo Piemonte 548
0%
Serralunga di Crea Alessandria Piemonte 513
0%
Serramanna Medio Campidano Sardegna 8693
0%
Serramonacesca Pescara Abruzzo 537
0%
Serra San Bruno Vibo Valentia Calabria 6352
0%
Serra San Quirico Ancona Marche 2596
0%
Serra Sant'Abbondio Pesaro e Urbino Marche 944
0%
Serrastretta Catanzaro Calabria 2962
0%
Serravalle a Po Mantova Lombardia 1468
0%
Serravalle Langhe Cuneo Piemonte 300
0%
Serravalle Sesia Vercelli Piemonte 4717
0%
Serrenti Medio Campidano Sardegna 4614
0%
Serrone Frosinone Lazio 2982
0%
Servigliano Fermo Marche 2201
0%
Sessame Asti Piemonte 249
0%
Sessano del Molise Isernia Molise 662
0%
Sesta Godano Spezia Liguria 1294
0%
Sesto Campano Isernia Molise 2134
0%
Sesto ed Uniti Cremona Lombardia 3195
0%
Setteville Belluno Veneto 5768
0%
Settime Asti Piemonte 548
0%
Settimo Rottaro Torino Piemonte 467
0%
Settimo San Pietro Cagliari Sardegna 6776
0%
Settimo Vittone Torino Piemonte 1513
0%
Settingiano Catanzaro Calabria 3164
0%
Setzu Medio Campidano Sardegna 136
0%
Seui Ogliastra Sardegna 1218
0%
Sezzadio Alessandria Piemonte 1205
0%
Sfruz Trento Trentino-Alto Adige 364
0%
Sgonico Trieste Friuli-Venezia Giulia 2052
0%
Siamaggiore Oristano Sardegna 892
0%
Siamanna Oristano Sardegna 779
0%
Siapiccia Oristano Sardegna 348
0%
Sicignano degli Alburni Salerno Campania 3137
0%
Siddi Medio Campidano Sardegna 614
0%
Sigillo Perugia Umbria 2319
0%
Silanus Nuoro Sardegna 2022
0%
Siligo Sassari Sardegna 818
0%
Siliqua Cagliari Sardegna 3623
0%
Silius Cagliari Sardegna 1097
0%
Sillano Giuncugnano Lucca Toscana 1006
0%
Sillavengo Novara Piemonte 555
0%
Silvano d'Orba Alessandria Piemonte 1874
0%
Silvano Pietra Pavia Lombardia 656
0%
Simala Oristano Sardegna 296
0%
Simaxis Oristano Sardegna 2126
0%
Simbario Vibo Valentia Calabria 921
0%
Simeri Crichi Catanzaro Calabria 4673
0%
Sinagra Messina Sicilia 2515
0%
Sindia Nuoro Sardegna 1626
0%
Sinio Cuneo Piemonte 480
0%
Siniscola Nuoro Sardegna 11136
0%
Sinnai Cagliari Sardegna 17301
0%
Siris Oristano Sardegna 226
0%
Sirone Lecco Lombardia 2330
0%
Sirtori Lecco Lombardia 2796
0%
Sissa Trecasali Parma Emilia-Romagna 7729
0%
Siurgus Donigala Cagliari Sardegna 1868
0%
Sizzano Novara Piemonte 1382
0%
Sluderno Bolzano Trentino-Alto Adige 1811
0%
Smerillo Fermo Marche 333
0%
Socchieve Udine Friuli-Venezia Giulia 866
0%
Soddì Oristano Sardegna 121
0%
Sogliano al Rubicone Forlì-Cesena Emilia-Romagna 3117
0%
Solarolo Rainerio Cremona Lombardia 907
0%
Solarussa Oristano Sardegna 2302
0%
Solbiate Arno Varese Lombardia 4014
0%
Solbiate con Cagno Como Lombardia 4642
0%
Soldano Imperia Liguria 1005
0%
Soleminis Cagliari Sardegna 1819
0%
Soleto Lecce Puglia 5254
0%
Solignano Parma Emilia-Romagna 1722
0%
Solonghello Alessandria Piemonte 200
0%
Solza Bergamo Lombardia 2011
0%
Somaglia Lodi Lombardia 3867
0%
Sommariva del Bosco Cuneo Piemonte 6230
0%
Sommariva Perno Cuneo Piemonte 2660
0%
Songavazzo Bergamo Lombardia 692
0%
Soraga di Fassa Trento Trentino-Alto Adige 691
0%
Sorbolo Mezzani Parma Emilia-Romagna 12683
0%
Sorbo San Basile Catanzaro Calabria 792
0%
Sordevolo Biella Piemonte 1322
0%
Sordio Lodi Lombardia 3448
0%
Sorgono Nuoro Sardegna 1552
0%
Sorianello Vibo Valentia Calabria 1123
0%
Soriano Calabro Vibo Valentia Calabria 2291
0%
Sorradile Oristano Sardegna 348
0%
Sostegno Biella Piemonte 750
0%
Soveria Mannelli Catanzaro Calabria 2897
0%
Soveria Simeri Catanzaro Calabria 1464
0%
Soverzene Belluno Veneto 366
0%
Sovicille Siena Toscana 9944
0%
Sovramonte Belluno Veneto 1318
0%
Sozzago Novara Piemonte 1089
0%
Sparone Torino Piemonte 933
0%
Spessa Pavia Lombardia 536
0%
Spezzano della Sila Cosenza Calabria 4292
0%
Spigno Monferrato Alessandria Piemonte 956
0%
Spigno Saturnia Latina Lazio 2851
0%
Spilinga Vibo Valentia Calabria 1370
0%
Spineda Cremona Lombardia 600
0%
Spinete Campobasso Molise 1193
0%
Spinetoli Ascoli Piceno Marche 7248
0%
Spineto Scrivia Alessandria Piemonte 363
0%
Spinone al Lago Bergamo Lombardia 976
0%
Spinoso Potenza Basilicata 1362
0%
Spirano Bergamo Lombardia 5668
0%
Spormaggiore Trento Trentino-Alto Adige 1258
0%
Sporminore Trento Trentino-Alto Adige 705
0%
Spriana Sondrio Lombardia 80
0%
Squinzano Lecce Puglia 13477
0%
Staffolo Ancona Marche 2112
0%
Stagno Lombardo Cremona Lombardia 1436
0%
Staiti Reggio Calabria Calabria 201
0%
Stalettì Catanzaro Calabria 2303
0%
Stanghella Padova Veneto 4113
0%
Staranzano Gorizia Friuli-Venezia Giulia 7266
0%
Stazzano Alessandria Piemonte 2369
0%
Stazzema Lucca Toscana 2898
0%
Stazzona Como Lombardia 613
0%
Stefanaconi Vibo Valentia Calabria 2349
0%
Stignano Reggio Calabria Calabria 1221
0%
Stimigliano Rieti Lazio 2211
0%
Stio Salerno Campania 793
0%
Strambinello Torino Piemonte 266
0%
Strambino Torino Piemonte 6092
0%
Strangolagalli Frosinone Lazio 2316
0%
Stregna Udine Friuli-Venezia Giulia 317
0%
Strevi Alessandria Piemonte 1906
0%
Striano Napoli Campania 8660
0%
Strona Biella Piemonte 1005
0%
Stroppiana Vercelli Piemonte 1178
0%
Stroppo Cuneo Piemonte 98
0%
Strozza Bergamo Lombardia 1065
0%
Sturno Avellino Campania 2859
0%
Suardi Pavia Lombardia 600
0%
Subbiano Arezzo Toscana 6297
0%
Suisio Bergamo Lombardia 3743
0%
Sulbiate Monza e della Brianza Lombardia 4405
0%
Sumirago Varese Lombardia 6014
0%
Supersano Lecce Puglia 4162
0%
Surano Lecce Puglia 1569
0%
Nessun quiz corrispondente trovato
Distribuzione punteggi
Percentuale di utenti per punteggio
Percentile per numero di risposta
I tuoi punteggi nel tempo
Non hai fatto questo quiz